000 00494nam a2200169Ia 4500
003 LK-CoDNM
008 010623t xxu||||| |||| 00| 1 sin d
040 _aLK-CoDNM
_dLK-CoDNM
_eLK-CoDNM
041 _asin
080 _a791.43
_bSIL
100 _aSilva,Gunasiri
245 _aලාංකීය සිනමාවේ චින්තනය හා භාවිතය
246 _aLankeya Sinamawe Chinthanaya ha Bhavithaya
260 _bNanila
_aNugegoda
300 _b209, 21 cm
942 _cBK
999 _c140792
_d140792